Vplyv záťažových situácií na krízových manažérov a ich zvládanie
Úlohy, pôsobnosť a právomoc pracovníkov krízového riadenia. Prejavy stresu. Zdroje záťaže krízových manažérov. Modely zvládavania stresu.
Saved in:
| Main Author: | |
|---|---|
| Format: | Book Chapter |
| Language: | Slovak |
| Subjects: | |
| Tags: |
No Tags, Be the first to tag this record!
|
MARC
| LEADER | 00000naa a2200000 4500 | ||
|---|---|---|---|
| 001 | 0166011 | ||
| 005 | 20231204133638.1 | ||
| 041 | 0 | |a slo | |
| 044 | |a SK | ||
| 245 | 1 | 0 | |a Vplyv záťažových situácií na krízových manažérov a ich zvládanie |c Valéria Moricová |
| 520 | |a Úlohy, pôsobnosť a právomoc pracovníkov krízového riadenia. Prejavy stresu. Zdroje záťaže krízových manažérov. Modely zvládavania stresu. | ||
| 610 | 2 | 0 | |a manažéri |
| 610 | 2 | 0 | |a manažment krízový |
| 610 | 2 | 0 | |a stresy |
| 100 | 1 | |a Moricová, Valéria | |